|
|
|
|
| LEADER |
00747nam a2200181 i 4500 |
| 003 |
GR-PaULI |
| 005 |
20220118084402.0 |
| 008 |
210118s19uu gre || 00| 0dgre d |
| 952 |
|
|
|0 0
|1 0
|2 ddc
|4 0
|6 016_889000000000000_334_NIK
|7 0
|9 354522
|a LISP
|b LISP
|c DON
|d 2022-01-18
|e ΠΑΤ
|i 146501
|l 0
|o 016.889 334 NIK
|p 025000272784
|r 2022-01-18 00:00:00
|t 1
|w 2022-01-18
|y BKN
|
| 999 |
|
|
|c 207824
|d 207824
|
| 040 |
|
|
|a GR-PaULI
|b gre
|c GR-PaULI
|e AACR2
|
| 082 |
0 |
4 |
|2 23
|a 016.889 334
|
| 245 |
0 |
0 |
|a Nikos Kazantzakis :
|b 500 translations into 40 languages.
|c
|
| 260 |
|
|
|a [Χ.τ.] :
|b [χ.ό.],
|c [200-].
|
| 300 |
|
|
|a 39 σ. ;
|c 30 εκ.
|
| 600 |
1 |
4 |
|9 160713
|a Καζαντζάκης, Νίκος
|d 1833-1957
|x Βιβλιογραφία
|
| 942 |
|
|
|2 ddc
|c BKN
|
| 998 |
|
|
|c ΜΠΟΥΡΑΣ
|d 2022-01
|